Les joueurs avec le plus de triplés en 2025 (Football) - Statistiques

Statistiques générales
  • Ce quiz a été pris 135 fois
  • Le résultat moyen est 4 sur 10
Statistiques - réponses
Classement Club Nombre de triplés Joueurs % Correct
1 Real Madrid 5 triplés Kylian Mbappé
100%
6 Bayern Munich 3 triplés Harry Kane
86%
4 Arsenal 3 triplés Viktor Gyökeres
75%
5 Galatasaray 3 triplés Victor Osimhen
74%
2 SL Benfica 4 triplés Vangélis Pavlídis
44%
3 AS Monaco 3 triplés Mika Biereth
37%
9 Sporting CP 2 triplés Luis Suárez
23%
10 GD Estoril Praia 2 triplés Yanis Begraoui
2%
8 Wolfsburg 2 triplés Dzenan Pejcinovic
0%
7 Zakho SC 2 triplés Nasser Mohammedoh
0%
Aucun quiz correspondant
Distribution des résultats
% des personnes avec chaque résultat
Percentile par nombre de réponses
Votre historique - résultats
Vous n’avez pas pris ce quiz